Tous les modèles de la marque Peugeot - Statistiques

Statistiques générales
  • Ce quiz a été pris 156 fois
  • Le résultat moyen est 35 sur 70
Statistiques - réponses
Par images Réponse % Correct
208
98%
206
97%
207
96%
308
96%
3008
93%
307
93%
2008
91%
108
89%
205
89%
106
88%
107
88%
306
88%
5008
88%
508
88%
407
86%
408
86%
406
82%
405
79%
305
76%
404
76%
504
74%
304
73%
505
73%
204
72%
4008
71%
1007
70%
309
70%
104
69%
403
69%
402
68%
807
68%
607
67%
302
65%
203
64%
604
64%
605
64%
806
64%
Partner
63%
202
61%
301
61%
201
58%
RCZ
54%
4007
50%
601
49%
iOn
28%
Rifter
28%
Bipper
21%
Traveller
21%
Landtrek
9%
Pick Up
4%
Bébé
2%
D3A/D4A
2%
Type 2
2%
Type 3
2%
Type 5
2%
Type 8
2%
Expery
1%
Lion
1%
Type 10
1%
Type 15
1%
Type 33
1%
Type 36
1%
Type 48
1%
Type 49
1%
Type 56
1%
Type 63
1%
Type 68
1%
Quadrillette
0%
Type 174
0%
Type 184
0%
Aucun quiz correspondant
Distribution des résultats
% des personnes avec chaque résultat
Percentile par nombre de réponses
Votre historique - résultats
Vous n’avez pas pris ce quiz